000 00352 a2200109 4500
001 ART_2813
005 20260410161710.0
008 260409a
245 1 0 _aElasticidad-ingreso del impuesto a la renta en la Argentina
100 1 _aBrodersohn, Mario S.
773 0 _tDesarrollo económico
_g- Vol. 3, Nº 4 (ene./mar. 1964)
_wREV1174
999 _c15994
_d15994